000
00231nam a2200097Ia 4500
001
655163
005
20250826154531.0
008
250824s9999 xx 000 0 und d
245
0
_a
Kennedy nin Beyni
_c
Henning Mankell
260
_b
ALTIN
999
_c
655163
_d
655163